Africa and the Common Market /

Bibliographic Details
Main Author: Okigbo, P. N. C. (Pius Nwabufo C.), 1924-2000
Format: Book
Language:English
Published: Evanston : Northwestern University Press, 1967.
Subjects:

MARC

Tag First Indicator Second Indicator Subfields
LEADER 00000cam a2200000 4500
001 in00000228024
005 20151009081830.0
008 720119s1967 ilu b 00010 eng
010 |a  67018007  
035 |a (OCoLC)00224282 
035 |9 AAZ7250AM 
040 |c WSU  |d TXA  |d UtOrBLW 
049 |a TXAM  |c [910694] 
050 0 |a HC241.25.A3  |b O45 
082 0 |a 382/.9142 
100 1 |a Okigbo, P. N. C.  |q (Pius Nwabufo C.),  |d 1924-2000. 
245 1 0 |a Africa and the Common Market /  |c [by] P. N. C. Okigbo. 
264 1 |a Evanston :  |b Northwestern University Press,  |c 1967. 
300 |a xv, 183 pages ;  |c 23 cm. 
336 |a text  |b txt  |2 rdacontent 
337 |a unmediated  |b n  |2 rdamedia 
338 |a volume  |b nc  |2 rdacarrier 
504 |a Bibliographical footnotes. 
610 2 0 |a European Economic Community  |z Africa. 
651 0 |a Africa  |x Economic integration. 
999 |a MARS 
999 f f |s 21cfd4ca-4e55-3224-a6f5-8f29cb89a456  |i 219a7a80-a425-34f1-ada0-51e43c653bfb  |t 0 
952 f f |p ric  |a Texas A&M University  |b Rellis Campus  |c Joint Library Facility  |d Remote Storage  |t 0  |e HC241.25.A3 O45  |h Library of Congress classification  |i unmediated -- volume  |m A14802591761 
998 f f |a HC241.25.A3 O45  |t 0  |l Remote Storage